Statistics for Airlines That Serve Ottawa (YOW)

Click here to take the quiz!

General Stats

  • This quiz has been taken 15 times
  • The average score is 4 of 13

Answer Stats

CountryAnswer% Correct
CanadaAir Canada
83%
GermanyLufthansa
67%
CanadaWestjet
67%
CanadaAir Canada Express
33%
CanadaAir Canada Rouge
33%
CanadaAir Transat
33%
CanadaCanadian North
25%
CanadaPorter Airlines
25%
USAAmerican Eagle
17%
CanadaFlair Airlines
17%
USAUnited Express
17%
CanadaWestjet Encore
17%
CanadaAir North
8%

Score Distribution

Percentile by Number Answered

Percent of People with Each Score

Your Score History

You have not taken this quiz